=LDR 00000nam 2200000 4500 =001 INLIS000000000023754 =005 20130612122403 =008 ***********************************Ind** =035 ##$$0010-061300000023754 =041 ##$$a Ind =082 ##$$a 658.403 =090 ##$$a 658.403, Hen b =100 ##$$a Hendricks, William =245 ##$$a Bagaimana mengelola konflik, Petunjuk peraktis untuk manajemen konflik yang efektif, William hendricks =260 ##$$a 1996 $b Jakarta =300 ##$$a 89 hlm, 21 cm =650 ##$$a Manajemen konflik =850 ##$$a NBPNMAT =990 ##$$a 0026/BPAP-NTB/2015 =990 ##$$a 0001/BPAP-NTB/2015 =990 ##$$a 0001/BPAP-NTB/2016 =990 ##$$a 21602641/BPAP-NTB/2017